|
|
|
|
| LEADER |
01004cam a2200277 a 4500 |
| 001 |
c000380715 |
| 003 |
CARM |
| 005 |
20110608131549.0 |
| 008 |
110608s1971 nyuac 001 0 eng d |
| 019 |
1 |
|
|a 21856653
|z 220589
|z 48883582
|z 53544734
|5 LACONCORD2021
|
| 020 |
|
|
|a 0805510915
|
| 035 |
|
|
|a (OCoLC)216089
|5 LACONCORD2021
|
| 040 |
|
|
|a LC
|b eng
|c LC
|d XNTU
|
| 050 |
0 |
0 |
|a PN2101
|b .G4
|
| 082 |
0 |
4 |
|a 792/.09
|2 20
|
| 100 |
1 |
|
|a Geisinger, Marion.
|
| 245 |
1 |
0 |
|a Plays, players, & playwrights :
|b an illustrated history of the theatre.
|
| 260 |
|
|
|a New York :
|b Hart Pub. Co.,
|c 1971.
|
| 300 |
|
|
|a 767 p. :
|b ill. ;
|c 28 cm.
|
| 500 |
|
|
|a Includes index.
|
| 650 |
|
0 |
|a Theater
|x History.
|
| 852 |
8 |
|
|b CARM
|p 0462824
|f BK
|
| 852 |
8 |
|
|b SCAN
|h A3:AG05C0
|i F07970
|p 0462824
|f BK
|
| 999 |
f |
f |
|i 1acf3536-41e5-57cc-b9ba-72bb3781591d
|s a0193b52-67b2-57b8-842b-8a96472eab4e
|
| 952 |
f |
f |
|p Can circulate
|a CAVAL
|b CAVAL
|c CAVAL
|d CARM 1 Store
|i book
|m 0462824
|
| 952 |
f |
f |
|a CAVAL
|b CAVAL
|c CAVAL
|d Unmapped Location
|e F07970
|f A3:AG05C0
|h Other scheme
|